000 00529nam a22001937a 4500
003 NUST - PNEC
005 20170116180759.0
008 150411b xxu||||| |||| 00| 0 eng d
020 _a0801311853
040 _cLIBRARY
082 _a371.1024 BUR
100 _92389
_aBurden, Paul R.
245 _aClassroom management and discipline
_cBurden, Paul R.
250 _a-
260 _aUSA
_bLong Man
_cC 1995
300 _a378 . :
650 _92390
_aClassroom management and discipline
_xSchool discipline
942 _2ddc
_cBK
999 _c62893
_d62893